000 00544nam a22001817a 4500
003 UA-OsUOA
001 11798
007 ta
008 20050408b un ||||| |||| 00| 0 ukr d
100 _aНаумова Н.
942 _cSA
040 _aUA-OsUOA
_cUA-OsUOA
_dUA-OsUOA
245 _aШляхами Кобзаря : Подорож до Шевченкового краю
300 _aС.63-66
955 _a0
773 0 _w0
_tДивослово
_dКиїв
_d2005
_g№4
650 7 _aУкраїнське літературознавство
_2UDC
999 _c297959
_d297959